00489 a2200157 4500010001400000020001000014035001300024037001500037082001000052100001800062245008600080260004500166270007200211300002400283700002400307 aENG-88148 c80.00 aEN-71681 bDBAD / PUB14a133.51 aHariharan, K.1 aK.P. replaces the unscientific method /cby K. Hariharan [and] K.S. Krishnamurti aChennaibKrishnamurti Publicationsc2001 aF-21, First Floor, Spencer Plaza, 769, Anna SalaibChennaie600 002 a174 p.c21 cm (Pbk) aKrishnamurti, K.S.